Labuan Companies Act & Regulations (Act 441) : (Record no. 4728)

000 -LEADER
fixed length control field nam a22 a 4500
003 - CONTROL NUMBER IDENTIFIER
control field AKMAL
005 - DATE AND TIME OF LATEST TRANSACTION
control field 20170801105426.0
008 - FIXED-LENGTH DATA ELEMENTS--GENERAL INFORMATION
fixed length control field 17 s201 my | e l 000 0 eng d
020 ## - INTERNATIONAL STANDARD BOOK NUMBER
Terms of availability RM52.00
082 04 - DEWEY DECIMAL CLASSIFICATION NUMBER
Classification number 346.595066 MAL
Edition number 22
090 00 - LOCALLY ASSIGNED LC-TYPE CALL NUMBER (OCLC); LOCAL CALL NUMBER (RLIN)
Classification number (OCLC) (R) ; Classification number, CALL (RLIN) (NR) 346.595066
Local cutter number (OCLC) ; Book number/undivided call number, CALL (RLIN) MAL
110 1# - MAIN ENTRY--CORPORATE NAME
Corporate name or jurisdiction name as entry element Malaysia
9 (RLIN) 400
245 10 - TITLE STATEMENT
Title Labuan Companies Act & Regulations (Act 441) :
Remainder of title (as at November 2014) /
Statement of responsibility, etc. compiled by: Legal Research Board
260 ## - PUBLICATION, DISTRIBUTION, ETC.
Place of publication, distribution, etc. Kuala Lumpur :
Name of publisher, distributor, etc. MDC Publishers Sdn. Bhd.
Date of publication, distribution, etc. 2017
300 ## - PHYSICAL DESCRIPTION
Extent 234p. ;
Dimensions 24cm.
490 1# - SERIES STATEMENT
Series statement Laws of Malaysia
650 10 - SUBJECT ADDED ENTRY--TOPICAL TERM
Topical term or geographic name entry element Corporation law
Geographic subdivision Malaysia
-- Labuan (Wilayah Persekutuan)
9 (RLIN) 9048
650 20 - SUBJECT ADDED ENTRY--TOPICAL TERM
Topical term or geographic name entry element Partnership
Geographic subdivision Malaysia
-- Labuan (Wilayah Persekutuan)
9 (RLIN) 9049
710 2# - ADDED ENTRY--CORPORATE NAME
Corporate name or jurisdiction name as entry element Lembaga Penyelidikan Undang-Undang
9 (RLIN) 9050
830 #0 - SERIES ADDED ENTRY--UNIFORM TITLE
Uniform title Laws of Malaysia
9 (RLIN) 1830
942 ## - ADDED ENTRY ELEMENTS (KOHA)
Source of classification or shelving scheme
Koha item type Book
Holdings
Withdrawn status Lost status Source of classification or shelving scheme Damaged status Not for loan Collection code Home library Current library Shelving location Date acquired Inventory number Total Checkouts Full call number Barcode Date last seen Price effective from Koha item type
          NON-FICTION AKMAL Melaka AKMAL Melaka PINJAMAN 01.08.2017 307039   346.595066 MAL 201707480 01.08.2017 01.08.2017 Book
Pusat Sumber Maklumat Dato' Haji Sarmin Md Hussin, Akademi Kastam Diraja Malaysia, Melaka
Tel: 06-2331106 | Faks: 06-2313787